000 01001nam0a22002531 4500
001 rc\2982852
005 20250530002830.0
035 _a(NLR Aleph) 007127929
090 _a6929737
_c6929737
100 _a20071128d1933 |||y0rusy50 ca
101 0 _arus
102 _aRU
105 _aa z ||||y
200 1 _aПроизводство строительных работ на железных дорогах
_eПособие для десантников
_fинж. С.С. Новиков
205 _a2-е изд. испр. и доп.
210 _aМосква
_aЛенинград
_cГосжелдориздат
_d1933
_e[Москва]
_gтип. "Пролет. слово"
215 _aПереплет, 472 с.
_cил.
_d18х13 см
320 _aБиблиогр.: "Литература" в конце глав
700 1 _aНовиков
_bС.С.
_gСергей Семенович
801 0 _aRU
_bNLR
_gpsbo
801 1 _aRU
_bELAR
_2rusmarc
852 _aNLR
_j33-2/518
942 _cBOOK
980 _aNB